Tableau des médailles olympiques - Anvers 1920 - Statistiques

Statistiques générales
  • Ce quiz a été pris 12 fois
  • Le résultat moyen est 9 sur 11
Statistiques - réponses
Or Argent Bronze Total Pays % Correct
41 27 27 95 États-Unis
100%
13 5 5 23 Italie
100%
14 11 11 36 Belgique
91%
9 19 13 41 France
91%
19 20 25 64 Suède
82%
3 9 1 13 Danemark
73%
15 10 9 34 Finlande
73%
15 15 13 43 Grande-Bretagne
73%
13 9 9 31 Norvège
73%
4 2 5 11 Pays-Bas
73%
2 2 7 11 Suisse
73%
Aucun quiz correspondant
Distribution des résultats
% des personnes avec chaque résultat
Percentile par nombre de réponses
Votre historique - résultats
Vous n’avez pas pris ce quiz